Differential equations

-д хадгалсан:
Номзүйн дэлгэрэнгүй
Үндсэн зохиолч: Ross, Shepley L (Зохиогч)
Формат: Ном
Хэл сонгох:англи
Хэвлэсэн: Nueva York Blaisdell Publishing Company 1964
Нөхцлүүд:
Шошгууд: Шошго нэмэх
Шошго байхгүй, Энэхүү баримтыг шошголох эхний хүн болох!

MARC

LEADER 00000cam a2200000 a 4500
001 UCF2429
003 CL-VaPUC
008 120824e19640000US |||||||||||||||||eng|d
082 0 4 |a 515.35  |b ROS  |2 21 
100 0 |a Ross, Shepley L  |e author  |9 564067 
245 1 0 |a Differential equations 
300 |a 594 p 
942 |c BK 
945 |d 20120824 00:00:00  |a dcastane 
260 |a Nueva York  |b Blaisdell Publishing Company  |c 1964 
650 0 |a Análisis numérico   |9 259387 
650 0 |a Ciencias matemáticas   |9 354013 
650 0 |a Ecuaciones  |9 260137 
650 0 |a Ecuaciones diferenciales  |9 260083 
650 0 |a Ecuaciones no lineales  |9 343071 
583 |a last modification  |c 20120824 12:41:00  |k Rodrigo Vera 
999 |c 348992  |d 348990 
952 |0 0  |1 0  |4 0  |6 515_350000000000000_ROS_1964  |7 0  |8 A  |9 451365  |a BIBMAT  |b BIBMAT  |d 2019-11-22  |i 4889436  |o 515.35 ROS 1964  |p 4889436  |r 2025-01-07  |w 2019-11-22  |y BK  |k MAT